| 000 | 02301cam a22004097a 4500 | ||
|---|---|---|---|
| 001 | 14069446 | ||
| 003 | OSt | ||
| 005 | 20210811120744.0 | ||
| 008 | 050809s2003 flu b 001 0 eng d | ||
| 010 | _a 2005279814 | ||
| 020 | _a1855737132 | ||
| 035 | _a(OCoLC)ocm53187009 | ||
| 038 | _akhadija | ||
| 040 |
_aCtWfDGI _cOLINC _dOCLCQ _dUMC _dBAKER _dDLC |
||
| 042 | _alccopycat | ||
| 050 | 0 | 0 |
_aTL158 _b.N54 2003 |
| 082 | 0 | 0 |
_a629.222072 _222 _bNIE |
| 100 | 1 |
_aNieuwenhuis, Paul. _981426 |
|
| 245 | 1 | 4 |
_aThe automotive industry and the environment _ba technical, business and social future / _cPaul Nieuwenhuis and Peter Wells. |
| 260 |
_aBoca Raton, Fla. : _bCRC Press ; _aCambridge, U.K. : _bWoodhead Pub., _cc2003. |
||
| 300 |
_axv, 255 p. ; _c24 cm. |
||
| 440 | 0 |
_aWoodhead Publishing in environmental management _981427 |
|
| 504 | _aIncludes bibliographical references and index. | ||
| 505 | 0 | _aAbbreviations and glossary -- Introduction -- The structure of the automotive industry -- Markets and the demand for cars -- From manufacturers to responsible mobility providers -- Sector shift, inter-sector dynamics and futures studies -- Powertrain and fuel -- Fuel cells and the hydrogen economy -- High volume car production: Budd and Ford -- Alternatives to high volume car production -- Sustainability -- Sustainable mobility -- Practical steps towards sustainability -- Automobility 2050, the vision -- The distributed economy -- The shape of the future -- The roadmap -- Micro factory retailing -- Conclusions and implications -- index. | |
| 563 | _ahard cover | ||
| 650 | 0 |
_aAutomobiles _xResearch. _981428 |
|
| 650 | 0 |
_aAutomobiles _xEnvironmental aspects. _938692 |
|
| 650 | 0 |
_aAutomobiles _xTechnological innovations. _981429 |
|
| 650 | 0 |
_aAutomobile industry and trade. _981430 |
|
| 650 | 0 |
_aAlternative fuel vehicles. _96049 |
|
| 700 | 1 |
_aWells, P. E. _q(Peter E.), _d1959- _981431 |
|
| 856 | 4 | 2 |
_3Publisher description _uhttp://www.loc.gov/catdir/enhancements/fy0646/2005279814-d.html |
| 856 | 4 | 2 |
_3Contributor biographical information _uhttp://www.loc.gov/catdir/enhancements/fy1211/2005279814-b.html |
| 906 |
_a7 _bcbc _ccopycat _d2 _encip _f20 _gy-gencatlg |
||
| 942 |
_2ddc _cBK |
||
| 999 |
_c31607 _d31607 |
||